Music Quiz

Random Music or Kpop Quiz

(Updated!) Guess SM Idols From Instagram Profile Photo Quiz Stats

 Plays Quiz not verified by Sporcle

Score 0/27 Timer 15:00
0 Plays Today
% Correct
chanyeol
90.9%
amber
90.1%
sehun
87.3%
krystal
83.4%
taeyeon
82.8%
key
81.4%
siwon
80.9%
eunhyuk
78.7%
yoona
76.2%
seohyun
73.5%
victoria
73.3%
hyoyeon
72.8%
leeteuk
72.5%
kangin
71.2%
% Correct
henry
70.1%
zhoumi
70%
sooyoung
68.6%
boa
68.4%
yesung
68.2%
baekhyun
66%
lay
64%
yuri
62.1%
donghae
59.1%
tiffany
46.6%
heechul
42.9%
onew
34.4%
luna
18.8%

You're not logged in!

Compare scores with friends on all Sporcle quizzes.
OR
Log In

Sporcle TV

Today on Sporcle TV


Watch our educational content, quiz creation guides, and fun videos on Sporcle TV.

Show Comments

Extras

Created Aug 21, 2016ReportNominate
Tags:Kpop Quiz, Kpop Quiz

Top Quizzes Today


Score Distribution

Your Account Isn't Verified!

In order to create a playlist on Sporcle, you need to verify the email address you used during registration. Go to your Sporcle Settings to finish the process.

Report this User

Report this user for behavior that violates our Community Guidelines.

Details: